000
00335nam a22001217a 4500
040
_c
HS
082
_a
338
100
_a
ឌុក ឆេង
245
_a
Agricultural development planning :ផែនការអភិវឌ្ឍន៍កសិកម្ម
260
_a
RUA
_b
ឌុក ឆេង
_c
2008
300
_a
26p;
942
_c
KB
999
_c
10065
_d
10065